000 00381nam a2200133Ia 4500
005 20260326235457.0
008 260326s9999||||xx |||||||||||||| ||und||
100 _aCuervo de Jaramillo, Elvira
245 0 _aBogotá :
_b de la devastación a la esperanza /
_cElvira Cuervo de Jaramillo
260 _bNomos
300 _a242 p.
650 _aCONSERVACIÓN Y RESTAURACIÓN
942 _cBK
999 _c7952
_d7952